Statystyki dla Zwycięzcy w Pucharze Narodów Afryki

Kliknij tutaj aby rozwiązać quiz!

Ogólne statystyki

  • Ten quiz został rozwiązany 252 razy
  • Średni wynik to 11 z 14

Statystyki odpowiedzi

liczba zwycięstwreprezentacja% Poprawnych
7Egipt
100%
1Maroko
91%
1Południowa Afryka
91%
2Algieria
90%
5Kamerun
83%
3Nigeria
80%
2Demokratyczna Republika Konga
78%
4Ghana
78%
2Wybrzeże Kości Sloniowej
77%
1Tunezja
76%
1Kongo
67%
1Sudan
60%
1Zambia
56%
1Etiopia
53%

Rozkład punktacji

Percentyl według liczby udzielonych odpowiedzi

Procent ludzi z każdym wynikiem

Twoja historia wyników

Nie rozwiązałeś tego quizu